Elements of workshop Technology (Record no. 183491)

MARC details
000 -LEADER
fixed length control field 00473nam a2200193Ia 4500
008 - FIXED-LENGTH DATA ELEMENTS--GENERAL INFORMATION
fixed length control field 240823s9999||||xx |||||||||||||| ||und||
020 ## - INTERNATIONAL STANDARD BOOK NUMBER
International Standard Book Number 81-85099-14-6
082 ## - DEWEY DECIMAL CLASSIFICATION NUMBER
-- 670.423 P9
100 ## - MAIN ENTRY--PERSONAL NAME
Personal name Choudhury Hajra S K et al.
245 #0 - TITLE STATEMENT
Title Elements of workshop Technology
250 ## - EDITION STATEMENT
Edition statement 14th
260 ## - PUBLICATION, DISTRIBUTION, ETC. (IMPRINT)
Date of publication, distribution, etc 2009
Name of publisher, distributor, etc #VALUE!
500 ## - GENERAL NOTE
General note ISSUED
650 ## - SUBJECT ADDED ENTRY--TOPICAL TERM
Topical term or geographic name as entry element Workshop Technology
942 ## - ADDED ENTRY ELEMENTS (KOHA)
Item type Books
Holdings
Withdrawn status Lost status Damaged status Permanent location Current location Shelving location Date acquired Source of acquisition Cost, normal purchase price Full call number Barcode Date last seen Koha item type
      CENTRAL LIBRARY, NOORUL ISLAM CENTRE FOR HIGHER EDUCATION CENTRAL LIBRARY, NOORUL ISLAM CENTRE FOR HIGHER EDUCATION NI Tech. 03/11/2010 Higginbothams Private Ltd 225.00 670.423 P9 36408 03/28/2025 Books
Visitors:
Copyright © 2024 Central Library NICHE.  All rights reserved.